Statistics for Countries with Raccoons

Click here to take the quiz!

General Stats

  • This quiz has been taken 58 times
  • The average score is 20 of 32

Answer Stats

ContinentCountry% Correct
North AmericaCanada
95%
North AmericaUnited States of America
95%
Asia/ EuropeRussia
86%
EuropeFrance
82%
EuropeGermany
82%
AsiaJapan
82%
EuropeItaly
80%
North AmericaMexico
77%
North AmericaEl Salvador
68%
North AmericaHonduras
68%
EuropePoland
68%
North AmericaGuatemala
66%
North AmericaNicaragua
66%
North AmericaPanama
66%
EuropeAustria
64%
North AmericaBelize
64%
North AmericaCosta Rica
64%
EuropeBelgium
61%
EuropeSwitzerland
61%
EuropeCzech Republic
59%
EuropeHungary
59%
EuropeSlovakia
59%
Europethe Netherlands
59%
EuropeBelarus
55%
EuropeDenmark
55%
North Americathe Bahamas
45%
AsiaGeorgia
41%
AsiaIran
39%
EuropeLuxembourg
39%
AsiaArmenia
32%
AsiaAzerbaijan
32%
EuropeSerbia
32%

Score Distribution

Percentile by Number Answered

Percent of People with Each Score

Your Score History

You have not taken this quiz